000 00754nam a22002537a 4500
001 BR0002256
003 BR-BrBNA
005 20230928100658.0
007 ta
008 230509b bl.||||| |||| 00| 0 por d
040 _aBR-BrBNA
_bpor
_cBiblioteca Nacional de Agricultura
041 _a(Por)
072 _aL01
_b9430
090 _ 9430 BR0002256
110 1 _aAssociacao dos Apicultores de Ijui, RS (Brasil)
_9553
111 1 _a1. Seminario Regional de Apicultura
_cIjui, RS (Brazil)
_d1979
245 1 _a1. Seminario Regional de apicultura: a colmeia do trabalho; anais do seminario
260 3 _aIjui, RS (Brasil):
_c1979.
300 _a22 p.
650 _aApicultura
650 _aMel
909 _a202309
_bLucia
_c55
_dLucia Elande
942 _cBK
999 _c62314
_d62314